00349cam a22001097a 4500008004000000082001500040100001700055245006400072260003100136300001400167650005800181180718b1967 xxu||||| |||| 00| 0 eng d aT000 T155e aTandon, B.C. aEconomic development of developed countriescby B.C. Tandon aAllahabadbChaitanyac1967 axvi,571p. aDeveloped countries --Economic history --Case studies